000 00758nam a2200289Ia 4500
005 20260324115808.0
008 008 260324s9999 xx 000 0 eng d
020 _a9781315381169
037 _aEBOOK
040 _aCRL
040 _beng
040 _cCRL
041 _2eng
041 _aeng
084 _qCRL
100 _aThomas G. Zidel
_91156044
245 0 _aRethinking Lean in Healthcare
245 2 _bA Business Novel on How a Hospital Restored Quality Patient Care and Obtained Financial Stability Using Lean
260 _bTaylor and Francis
260 _c2016
365 _a
365 _b290
856 _uhttp://www.taylorfrancis.com/books/9781315381169
942 _cEBOOK
999 _c1747174
_d1747174